00480 a2200181 450000100060000002000150000604000240002110000380004524000160008324500110009930000070011036200090011744000130012665000310013994200070017095201040017799900170028170341 a8526246569 cAnchieta - Itaigara aAndrade, Telma Guimaràƒes Castro10aHamletlpor10aHamlet a480 a2003 1aScipione 4aLiteratura infanto-juvenil cBK 00104070a88.1b88.1d2023-11-21l0o028.5 SHA HAMp3663/ITAr2023-11-21 20:05:19w2023-11-21yBK c70341d70341